UM Logo

The utilization of motorcycles in the lifestyles of the residents of Digos City/ (Record no. 2216)

MARC details
000 -LEADER
fixed length control field 00686nam a22001697a 4500
008 - FIXED-LENGTH DATA ELEMENTS--GENERAL INFORMATION
fixed length control field 160502b xxu||||| |||| 00| 0 eng d
082 ## - DEWEY DECIMAL CLASSIFICATION NUMBER
Edition number 2010
Classification number UT 0196
Item number P19
100 ## - MAIN ENTRY--PERSONAL NAME
9 (RLIN) 7246
Personal name Paquibulan, Efren A.
Numeration Jr.
245 ## - TITLE STATEMENT
Title The utilization of motorcycles in the lifestyles of the residents of Digos City/
Statement of responsibility, etc. Efren A. Paquibulan Jr., Janelyn A. Navarro, Delmors S. Damgo and Yumiko T. Orate.
260 ## - PUBLICATION, DISTRIBUTION, ETC. (IMPRINT)
Place of publication, distribution, etc. Digos City:
Name of publisher, distributor, etc. UMDC
Date of publication, distribution, etc. March 2010.
300 ## - PHYSICAL DESCRIPTION
Extent 44 pages;
Dimensions 28 cm.
650 #0 - SUBJECT ADDED ENTRY--TOPICAL TERM
9 (RLIN) 7245
Topical term or geographic name as entry element Business Administration
Form subdivision Marketing Management
General subdivision Undergraduate thesis.
700 ## - ADDED ENTRY--PERSONAL NAME
9 (RLIN) 7242
Personal name Navarro, Janelyn A.
700 ## - ADDED ENTRY--PERSONAL NAME
9 (RLIN) 7243
Personal name Damgo, Delmor S.
700 ## - ADDED ENTRY--PERSONAL NAME
9 (RLIN) 7244
Personal name Orate, Yumiko T.
942 ## - ADDED ENTRY ELEMENTS (KOHA)
Source of classification or shelving scheme Dewey Decimal Classification
Koha item type Undergraduate Thesis
Holdings
Withdrawn status Lost status Source of classification or shelving scheme Damaged status Not for loan Collection code Home library Current library Date acquired Total Checkouts Full call number Barcode Date last seen Price effective from Koha item type
    Dewey Decimal Classification     Undergraduate Theses UM Digos College - LIC UM Digos College - LIC 05/02/2016   UT 0196 P19 2010 UT0196 05/02/2016 05/02/2016 Undergraduate Thesis